| 000 | 01345nam0a2200325 4500 | ||
|---|---|---|---|
| 001 | RU\NLR\BIBL_A\011623031 | ||
| 005 | 20180322114519.0 | ||
| 010 |
_a978-5-906190-90-1 _9300 |
||
| 021 |
_aRU _bКН-П-18-007511 _9КН-П-18-0514 |
||
| 035 | _a(NLR Aleph) 011623031 | ||
| 090 |
_a10994202 _c10994201 |
||
| 100 | _a20180206d2017 k y0rusy50 ca | ||
| 101 | 0 | _arus | |
| 102 | _aRU | ||
| 105 | _aa w 001 y | ||
| 200 | 1 |
_aСтарообрядческая икона в историко-культурном контексте XVIII-начала XX века _eопыт систематического анализа _fН.В. Пивоварова |
|
| 210 |
_aМосква _cБуксМАрт _d2017 |
||
| 215 |
_a455 с. _cил., цв. ил. _d31 |
||
| 320 | _aБиблиогр. в подстроч. примеч. | ||
| 320 | _aИмен. указ.: с. 444-452 | ||
| 606 | 1 |
_aИконы старообрядческие _92358790 _3RU\NLR\AUTH\6601631184 |
|
| 606 | 1 |
_aИконопись русская _z18 - 20 вв. _92443919 _3RU\NLR\AUTH\661453670 |
|
| 686 | 1 | _aЩ143(2Р=Рус)5-465.6 | |
| 686 | 2 | _aЭ372.242-575.1 | |
| 700 | 1 |
_aПивоварова _bН. В. _gНадежда Валерьевна |
|
| 942 | _cBOOK | ||
| 980 | _aNB | ||